The investigation of crime : (Record no. 185659)
[ view plain ]
| 000 -LEADER | |
|---|---|
| fixed length control field | 00607cam0a220020500 4500 |
| 001 - CONTROL NUMBER | |
| control field | tmp15945538 |
| 003 - CONTROL NUMBER IDENTIFIER | |
| control field | UPRA |
| 005 - DATE AND TIME OF LATEST TRANSACTION | |
| control field | 20190830104256.0 |
| 008 - FIXED-LENGTH DATA ELEMENTS--GENERAL INFORMATION | |
| fixed length control field | 951114s1991 xx eng u |
| 035 ## - SYSTEM CONTROL NUMBER | |
| System control number | (Sirsi) r25863 |
| 035 ## - SYSTEM CONTROL NUMBER | |
| System control number | (UPRA)tmp15945538 |
| 040 ## - CATALOGING SOURCE | |
| Transcribing agency | UPRA |
| 100 1# - MAIN ENTRY--PERSONAL NAME | |
| Personal name | Bevan, V. |
| Linkage | A89390.1 |
| 245 14 - TITLE STATEMENT | |
| Title | The investigation of crime : |
| Remainder of title | a guide to police powers. |
| 260 ## - PUBLICATION, DISTRIBUTION, ETC. | |
| Date of publication, distribution, etc. | 1991. |
| 949 ## - LOCAL PROCESSING INFORMATION (OCLC) | |
| a | K66 |
| w | lcc |
| i | 33729001782734 |
| m | MAIN |
| p | 2500 |
| t | BOOK |
| l | ON-SHELF |
| 949 ## - LOCAL PROCESSING INFORMATION (OCLC) | |
| a | K66 |
| w | lcc |
| i | 33729001782791 |
| m | MAIN |
| p | 2500 |
| t | BOOK |
| l | ON-SHELF |
| 949 ## - LOCAL PROCESSING INFORMATION (OCLC) | |
| a | K66 |
| w | lcc |
| i | -26329 |
| m | MAIN |
| t | BOOK |
| l | ON-SHELF |
No items available.